000
00253nam a22001217a 4500
041
_a
ENG
100
_a
Lewitt.E.H
245
_a
Hydraulics And Fiuid Mechanics
260
_a
Delhi
_b
Priced Textbook
_c
1998
300
_a
740
650
_a
48
856
_u
48
999
_c
3129
_d
3129